• 首页
  • 本馆介绍
  • 公告通知
  • 最新文献
  • 馆藏检索
  • 电子资源
  • 读者导购
  • 参考咨询
  • 我的图书馆
  • 登录
  • 详细信息显示
  • 放入我的书架
  • 预约/预借图书
  • 作者相关作品
  • 分类相关作品
  • 丛书相关作品
  • 出版社相关作品

书目信息

  • 表格格式
  • 工作单格式
  • 卡片格式
题名:
国际政治的理性思考
    
 
作者: 王缉思 著
分册:  
出版信息: 北京   北京大学出版社  2006
页数: 404页
开本: 23cm
丛书名: 未名社科菁华·国际关系学
单 册:
中图分类: D5-53
科图分类:
主题词: 国际政治--研究 , 国际政治
电子资源:
ISBN: 7-301-10885-0
000 00987oam2 2200265 450
001 1249666469
005 20121005134829.25
010    @a7-301-10885-0@dCNY42.00
100    @a20061204d2006 em y0chiy50 ea
101 0  @achi@aeng
102    @aCN@b110000
105    @ay z 000yy
200 1  @a国际政治的理性思考@Aguo ji zheng zhi de li xing si kao@dRational reflections on international politics@f王缉思著@zeng
210    @a北京@c北京大学出版社@d2006
215    @a404页@d23cm
225 2  @a未名社科菁华·国际关系学
330    @a本书分为“理论思考”、“战略分析”、“读书拾零”三部分,文章内容涉及战争与和平理论、国际关系理论与中国外交、民族与民族主义、美国的世界地位以及中美关系等等。
461  0 @12001 @a未名社科菁华·国际关系学
510 1  @aRational reflections on international politics@zeng
606 0  @a国际政治@x研究
606 0  @a国际政治
690    @aD5-53@v4
701  0 @a王缉思@Awang ji si@f(1948~)@4著
801  0 @aCN@bNLC@c20101222
905    @a10447@dD5-53@eJY17
    
    国际政治的理性思考=Rational reflections on international politics/王缉思著.-北京:北京大学出版社,2006
    404页;23cm.-(未名社科菁华·国际关系学)
    
    
    ISBN 7-301-10885-0:CNY42.00
    本书分为“理论思考”、“战略分析”、“读书拾零”三部分,文章内容涉及战争与和平理论、国际关系理论与中国外交、民族与民族主义、美国的世界地位以及中美关系等等。
●
相关链接 在E读中查询图书 在五车中查询图书 在当当中查询图书 在豆瓣中查询图书


正题名:国际政治的理性思考     索取号:D5-53/JY17         预约/预借

序号 登录号 条形码 馆藏地/架位号 状态 备注
1 7811788   278117887   学院路分馆/ [索取号:D5-53/JY17] 在馆    
2 7811789   278117896   学院路分馆/ [索取号:D5-53/JY17] 在馆    
唐山师范学院图书馆 欢迎您!
大连网信软件有限公司© 版权所有